|
|
|
|
| LEADER |
00000nam0a2200000 4500 |
| 001 |
151430 |
| 005 |
20231101221547.0 |
| 010 |
|
|
|a 5235007883
|
| 035 |
|
|
|a (RuTPU)RU\TPU\book\164177
|
| 090 |
|
|
|a 151430
|
| 100 |
|
|
|a 20090122d1990 m y0rusy50 ca
|
| 101 |
0 |
|
|a rus
|
| 102 |
|
|
|a RU
|
| 105 |
|
|
|a a z 001zb
|
| 200 |
1 |
|
|a Королев
|f А. Романов
|
| 210 |
|
|
|a Москва
|c Молодая гвардия
|d 1990
|
| 215 |
|
|
|a 480 с.
|c ил.
|
| 225 |
1 |
|
|a Жизнь замечательных людей: Серия биографий
|
| 318 |
|
|
|5 63413507
|a Коллекция серии ЖЗЛ
|b выставка
|
| 320 |
|
|
|a Библиогр.: с. 477-478.
|
| 330 |
|
|
|a Книга о человеке, с чьим именем связано одно из величайших завоеваний науки и техники — открытие эры освоения человечеством космического пространства, — Сергее Павловиче Королеве. В книге использованы фото из архивов.
|
| 600 |
|
1 |
|a Королев
|b С. П.
|c российский конструктор ракетно-космических систем
|c Герой Социалистического труда
|f 1906/1907-1966
|g Сергей Павлович
|2 stltpush
|3 (RuTPU)RU\TPU\pers\13510
|9 4159
|
| 610 |
1 |
|
|a космонавтика
|
| 610 |
1 |
|
|a СССР
|
| 610 |
1 |
|
|a история
|
| 610 |
1 |
|
|a жизнь
|
| 610 |
1 |
|
|a биография
|
| 610 |
1 |
|
|a деятельность
|
| 675 |
|
|
|a 629.78
|v 3
|
| 675 |
|
|
|a 087:629
|v 3
|
| 700 |
|
1 |
|a Романов
|b А.
|g Александр
|
| 801 |
|
1 |
|a RU
|b 63413507
|c 20090122
|g PSBO
|
| 801 |
|
2 |
|a RU
|b 63413507
|c 20120207
|g RCR
|
| 942 |
|
|
|c BK
|